Catálogo

Vista normal Vista MARC

Entrada Personal Name

Número de registros utilizados en: 1

001 - CONTROL NUMBER

  • control field: 16857

003 - CONTROL NUMBER IDENTIFIER

  • control field: DLC

005 - DATE AND TIME OF LATEST TRANSACTION

  • control field: 20250312153051.0

008 - FIXED-LENGTH DATA ELEMENTS

  • fixed length control field: 830901n| azannaabn |a aaa

010 ## - LIBRARY OF CONGRESS CONTROL NUMBER

  • LC control number: n 83156460
  • Canceled/invalid LC control number: n 91077174

035 ## - SYSTEM CONTROL NUMBER

  • System control number: (OCoLC)oca00981797

040 ## - CATALOGING SOURCE

  • Original cataloging agency: DLC
  • Language of cataloging: spa
  • Description conventions: rda
  • Transcribing agency: Mx-PuUPA
  • Modifying agency: DLC
  • Modifying agency: OCoLC
  • Modifying agency: CSt
  • Modifying agency: DLC
  • Modifying agency: IEN
  • Modifying agency: DLC
  • Modifying agency: HU
  • Modifying agency: DLC
  • Modifying agency: Mx-PuUPA

100 1# - HEADING--PERSONAL NAME

  • Personal name: Contreras, Carlos,

370 ## - ASSOCIATED PLACE

  • Place of birth: Lima (Perú)
  • Source of term: naf

372 ## - FIELD OF ACTIVITY

  • Field of activity: Historia
  • Source of term: lcsh

373 ## - ASSOCIATED GROUP

  • Associated group: Pontificia Universidad Católica del Perú. Departamento de Economía
  • Source of term: naf

373 ## - ASSOCIATED GROUP

  • Associated group: Instituto de Estudios Peruanos
  • Source of term: naf

374 ## - OCCUPATION

  • Occupation: Historiador
  • Occupation: Autor
  • Source of term: lcsh

375 ## - GENDER

  • Gender: hombre

377 ## - ASSOCIATED LANGUAGE

  • Language code: spa

378 ## - FULLER FORM OF PERSONAL NAME

  • Fuller form of personal name: Contreras Carranza

400 1# - SEE FROM TRACING--PERSONAL NAME

  • Personal name: Carranza, Carlos Contreras

400 1# - SEE FROM TRACING--PERSONAL NAME

  • Personal name: Contreras C., Carlos
  • Fuller form of name: (Contreras Carranza)

400 1# - SEE FROM TRACING--PERSONAL NAME

  • Personal name: Contreras, C.
  • Fuller form of name: (Carlos Contreras Carranza)

400 1# - SEE FROM TRACING--PERSONAL NAME

  • Personal name: Contreras Carranza, Carlos

670 ## - SOURCE DATA FOUND

  • Source citation: His La ciudad del mercurio, Huancavelica, 1570-1700, 1982:
  • Information found: t.p. (Carlos Contreras)

670 ## - SOURCE DATA FOUND

  • Source citation: His El sector exportador de una economía ... 1990:
  • Information found: t.p. (Carlos Contreras C.) p. 184 (Contreras, Carlos) back cover (Carlos Contreras Carranza; historiador peruano, investigador del Instituto de Estudios Peruanos de Lima)

670 ## - SOURCE DATA FOUND

  • Source citation: La economía pública en el Perú después del guano y del salitre, 2012:
  • Information found: t.p. (Carlos Contreras) front flap of cover (Carlos Contreras Carranza; b. in Lima; historian; professor in Departamento de Economía de la Pontificia Universidad Católica del Perú)

670 ## - SOURCE DATA FOUND

  • Source citation: Guerra, finanzas y regiones en la historia económica del Perú, 2010:
  • Information found: t.p. (Carlos Contreras) cover front flap, etc. (Carlos Contreras Carranza; professor in Departamento de Economía de la Pontificia Universidad Católica del Perú; C. Contreras)